<?xml version="1.0" encoding="UTF-8"?>
<record
    xmlns:xsi="http://www.w3.org/2001/XMLSchema-instance"
    xsi:schemaLocation="http://www.loc.gov/MARC21/slim http://www.loc.gov/standards/marcxml/schema/MARC21slim.xsd"
    xmlns="http://www.loc.gov/MARC21/slim">

  <leader>00868nam2a22002411  4500</leader>
  <controlfield tag="001">v19\rc\2019204</controlfield>
  <controlfield tag="005">20080925110124.1</controlfield>
  <datafield tag="035" ind1=" " ind2=" ">
    <subfield code="a">(NLR Aleph) 005099828</subfield>
  </datafield>
  <datafield tag="090" ind1=" " ind2=" ">
    <subfield code="a">7380943</subfield>
    <subfield code="c">7380943</subfield>
  </datafield>
  <datafield tag="100" ind1=" " ind2=" ">
    <subfield code="a">20080925d1904    |||y0rusy50      ca</subfield>
  </datafield>
  <datafield tag="101" ind1="0" ind2=" ">
    <subfield code="a">rus</subfield>
  </datafield>
  <datafield tag="102" ind1=" " ind2=" ">
    <subfield code="a">RU</subfield>
  </datafield>
  <datafield tag="105" ind1=" " ind2=" ">
    <subfield code="a">y   z   |||||</subfield>
  </datafield>
  <datafield tag="200" ind1="1" ind2=" ">
    <subfield code="a">&#x413;&#x438;&#x440;&#x438;&#x43D;&#x441;&#x43A;&#x430;&#x44F; &#x43F;&#x440;&#x43E;&#x432;&#x438;&#x43D;&#x446;&#x438;&#x44F;</subfield>
  </datafield>
  <datafield tag="205" ind1=" " ind2=" ">
    <subfield code="a">2-&#x435; &#x438;&#x437;&#x434;.</subfield>
  </datafield>
  <datafield tag="210" ind1=" " ind2=" ">
    <subfield code="d">1904</subfield>
  </datafield>
  <datafield tag="461" ind1=" " ind2="0">
    <subfield code="1">001v19\rc\2019203</subfield>
    <subfield code="1">2001#$a&#x412;&#x43E;&#x435;&#x43D;&#x43D;&#x44B;&#x439; &#x43E;&#x431;&#x437;&#x43E;&#x440; &#x421;&#x435;&#x432;&#x435;&#x440;&#x43D;&#x43E;&#x439; &#x41C;&#x430;&#x43D;&#x44C;&#x447;&#x436;&#x443;&#x440;&#x438;&#x438;$e(&#x41F;&#x43E; &#x43C;&#x430;&#x442;&#x435;&#x440;&#x438;&#x430;&#x43B;&#x430;&#x43C; &#x43F;&#x43E;&#x43B;&#x435;&#x432;&#x43E;&#x439; &#x43F;&#x43E;&#x435;&#x437;&#x434;&#x43A;&#x438; &#x43E;&#x444;&#x438;&#x446;&#x435;&#x440;&#x43E;&#x432; &#x413;&#x435;&#x43D;. &#x448;&#x442;&#x430;&#x431;&#x430; &#x41F;&#x440;&#x438;&#x430;&#x43C;&#x443;&#x440;&#x441;&#x43A;. &#x432;&#x43E;&#x435;&#x43D;. &#x43E;&#x43A;&#x440;. &#x432; 1901 &#x433;.). &#x427;. 1$v&#x427;. 1</subfield>
  </datafield>
  <datafield tag="700" ind1=" " ind2="1">
    <subfield code="a">&#x426;&#x438;&#x445;&#x43E;&#x432;&#x438;&#x447;</subfield>
    <subfield code="b">&#x42F;. &#x41A;.</subfield>
    <subfield code="g">&#x42F;&#x43D;&#x443;&#x430;&#x440;&#x438;&#x439; &#x41A;&#x430;&#x437;&#x438;&#x43C;&#x438;&#x440;&#x43E;&#x432;&#x438;&#x447;</subfield>
  </datafield>
  <datafield tag="801" ind1=" " ind2="0">
    <subfield code="a">RU</subfield>
    <subfield code="b">NLR</subfield>
    <subfield code="g">psbo</subfield>
  </datafield>
  <datafield tag="801" ind1=" " ind2="1">
    <subfield code="a">RU</subfield>
    <subfield code="b">ProSoft-M</subfield>
    <subfield code="2">rusmarc</subfield>
  </datafield>
  <datafield tag="852" ind1=" " ind2=" ">
    <subfield code="a">NLR</subfield>
    <subfield code="j">17.151.1.54</subfield>
  </datafield>
  <datafield tag="942" ind1=" " ind2=" ">
    <subfield code="c">BOOK</subfield>
  </datafield>
  <datafield tag="980" ind1=" " ind2=" ">
    <subfield code="a">NB</subfield>
  </datafield>
  <datafield tag="995" ind1=" " ind2=" ">
    <subfield code="5">2013-10-26</subfield>
    <subfield code="b">NLR02</subfield>
    <subfield code="c">NLR02</subfield>
    <subfield code="e">RFS</subfield>
    <subfield code="f">5099828-10</subfield>
    <subfield code="k">17.151.1.54</subfield>
    <subfield code="o">0</subfield>
    <subfield code="r">BOOK</subfield>
    <subfield code="s">17151154_</subfield>
  </datafield>
</record>
